| 000 | 01554nam0a2200349 4500 | ||
|---|---|---|---|
| 001 | RU\NLR\bibl\1659910 | ||
| 005 | 20250616040615.0 | ||
| 010 |
_a978-5-94833-083-9 _91000 |
||
| 021 |
_aRU _b2010-46821 _93113 |
||
| 035 | _a(NLR Aleph) 001651201 | ||
| 090 |
_a922928 _c922928 |
||
| 100 | _a20100730d2008 |||y0rusy50 ca | ||
| 101 | 0 | _arus | |
| 102 | _aRU | ||
| 105 | _aa ||||||||| | ||
| 200 | 1 |
_aМощный электромагнитный импульс: воздействие на электронные средства и методы защиты _fН.В. Балюк, Л.Н. Кечиев, П.В. Степанов |
|
| 210 |
_aМосква _cГруппа ИДТ _d2008 |
||
| 215 |
_a478 с. _cил. _d24 |
||
| 225 | 1 | _aСерия "Библиотека ЭМС" | |
| 320 | _aБиблиогр.: с. 462-478 | ||
| 606 | 1 |
_aРадиоэлектронная аппаратура _xРадиационная стойкость _92300897 _3RU\NLR\auth\661377552 |
|
| 606 | 1 |
_aРадиоэлектронная аппаратура _xВлияние электромагнитного излучения _92442815 _3RU\NLR\auth\661453104 |
|
| 686 | _aЗ844-019.8 | ||
| 700 | 1 |
_aБалюк _bН. В. _gНиколай Васильевич _4070 |
|
| 701 | 1 |
_aКечиев _bЛ. Н. _gЛеонид Николаевич _4070 |
|
| 701 | 1 |
_aСтепанов _bП. В. _gПавел Владимирович _4070 |
|
| 801 | 0 |
_aRU _bNLR _c20100730 _gRCR |
|
| 801 | 1 |
_aRU _bNLR _c20100730 |
|
| 830 | _aавт. по кн. | ||
| 942 | _cBOOK | ||
| 980 | _aNB | ||